000
00289nam a22001217a 4500
003
OSt
008
231026b |||||||| |||| 00| 0 eng d
041
_a
hin
100
_a
Premchand
_9
5537
245
_a
Rangabhoomi
260
_a
Lucnow
_b
Sreedularelal adhyaksh ganga pusthakamala
942
_c
BK
999
_c
17753
_d
17753